[Event "FIDE Chesscom Grand Swiss 2021"]
[Site "Riga"]
[Date "2021.11.04"]
[Round "8.43"]
[White "Van Foreest, Jorden"]
[Black "Adly, Ahmed"]
[Result "1-0"]
[WhiteElo "2691"]
[BlackElo "2602"]
[Annotator "TA"]
[PlyCount "81"]
[EventDate "2021.10.27"]
[EventType "swiss"]
[EventCountry "LAT"]
[Tiebreak "Cut1 Buchholz+Sonneborn-Berger (Swiss)"]
[SourceTitle "playchess.com"]
[Source "ChessBase"]
[SourceQuality "1"]

{[%evp 9,81,18,12,0,25,-12,-26,-44,-25,-26,21,26,27,-15,32,37,127,155,189,58,
227,176,218,94,92,52,64,60,219,221,230,216,225,223,213,213,245,248,245,245,239,
235,280,280,280,280,280,275,262,214,231,215,280,215,335,330,487,486,527,525,
525,533,525,517,530,522,522,520,484,367,367,364,566,556]} 1. e4 c6 2. d4 d5 3.
e5 Bf5 4. h4 h5 5. Bd3 Bxd3 6. Qxd3 {B12: Caro-Kann: Advance Variation.} Qa5+ {
now scores much better than the old 6...e6.} 7. b4 Qxb4+ 8. Nd2 {Strongly
threatening Rb1.Black has an edge.} e6 9. Rb1 Qa5 10. Rxb7 {[#]} c5 $146 ({
Predecessor:} 10... Nd7 11. Ngf3 c5 12. c3 c4 13. Qc2 Ne7 14. Rb1 Nf5 15. Ng5
Be7 16. Ndf3 Bxg5 17. Bxg5 {0-1 (40) Kobo,O (2449)-Shuvalova,P (2454) Chess.
com INT 2020}) 11. Nh3 {Threatens to win with Ng5.} (11. c3 {keeps more
tension.} Nd7 12. Nh3 Qa4 13. O-O Qc6 14. Qb5) 11... Nd7 (11... c4 {looks
sharper.} 12. Qf3 Nh6 13. Ng5 Be7 14. Qxh5 Qa6) 12. O-O {aiming for Ng5.} Qa4 (
12... c4 $1 $14 13. Qf3 Qxa2) 13. c4 $1 $36 {[%mdl 2048] White is really
pushing.} Qc6 14. Rb1 (14. cxd5 $1 $18 Qxb7 15. dxe6 fxe6 16. Qg6+ Kd8 17. Nc4)
14... Nh6 $2 (14... Ne7 $1 $14) 15. cxd5 Qxd5 {[#]} 16. Nc4 (16. Nf3 $1 $18 {
and the rest is easy.}) 16... Nf5 17. Nf4 Qxd4 18. Qe2 $1 {Rd1 is the strong
threat.} Rd8 $2 {White now steadily converts the win.} (18... Nb6 $1 $14 19.
Rxb6 (19. Nxb6 axb6 20. Rxb6 Qa4 $11) 19... axb6) 19. Rd1 $18 Ng3 20. Qc2 Qe4
21. Qxe4 Nxe4 {[#]} 22. Ne2 Nb6 23. Rxd8+ Kxd8 24. Nxb6 axb6 25. f3 ({But not} 
25. Rxb6 $6 c4 $16) 25... c4 {White should prevent ...Bc5+.} 26. fxe4 Bc5+ 27.
Kf1 Kc7 28. Nc3 Kc6 29. Ke2 Rd8 30. Bf4 f6 31. Rd1 Ra8 (31... Rg8 $142 32. a4
fxe5) 32. a4 Bb4 {[#]} (32... g5 $142 33. Bd2 (33. exf6 gxf4 34. e5 Bb4 $14)
33... Rf8) 33. Rd4 $1 Bxc3 (33... Bc5 34. Rxc4) 34. Rxc4+ {[%mdl 64] Double
Attack} Kd7 35. Rxc3 Rxa4 {[%mdl 4096] Endgame KRB-KR} 36. Kf3 b5 37. exf6 gxf6
38. Rc7+ Ke8 39. Rb7 Ra3+ 40. Be3 Rb3 (40... e5 $142 41. Rh7 Kf8 42. Rxh5 b4)
41. Rh7 {Weighted Error Value: White=0.18/Black=0.48} 1-0

[Event "FIDE Chesscom Grand Swiss 2021"]
[Site "Riga"]
[Date "2021.11.04"]
[Round "8.44"]
[White "Bartel, Mateusz"]
[Black "Adhiban, B.."]
[Result "1/2-1/2"]
[WhiteElo "2597"]
[BlackElo "2672"]
[Annotator "TA"]
[PlyCount "61"]
[EventDate "2021.10.27"]
[EventType "swiss"]
[EventCountry "LAT"]
[Tiebreak "Cut1 Buchholz+Sonneborn-Berger (Swiss)"]
[SourceTitle "playchess.com"]
[Source "ChessBase"]
[SourceQuality "1"]

{[%evp 9,61,-20,15,-10,2,-8,0,-4,-4,-1,12,8,22,0,7,10,13,0,17,0,0,0,0,-24,-13,
-7,-13,-19,-33,-35,-8,-10,0,-17,-8,-16,-20,-20,-20,-32,0,0,0,0,0,0,0,0,0,0,0,0,
0,0]} 1. d4 Nf6 2. Bf4 g6 3. Nc3 d5 4. Nb5 Na6 5. e3 Bg7 6. Nf3 {A45:
Trompowsky Attack.} O-O {6...0-0 scores better than 6...c6.} 7. h3 c6 8. Nc3
Qb6 9. Rb1 c5 10. Be5 cxd4 {[#]} 11. Qxd4 $146 ({Predecessor:} 11. exd4 e6 12.
Bd3 Nb4 13. O-O Bd7 14. Re1 Rfc8 15. Bf1 Be8 16. a3 Nc6 17. Bf4 {0-1 (37)
Hobber,A (2312)-Ostenstad,B (2447) Sarpsborg 2018}) 11... Qxd4 12. Nxd4 e6 13.
Bb5 Rd8 14. Bxa6 bxa6 15. Nc6 Re8 16. Bd4 Bd7 17. Ne5 Rec8 18. O-O Bb5 19. Rfd1
Ne8 20. a4 Bc6 21. Nxc6 (21. f3 {feels hotter.} Bb7 22. Nd3 Nd6 23. Kf2 f6 24.
Bc5) 21... Rxc6 22. Bxg7 Kxg7 23. e4 $1 dxe4 24. Nxe4 Rxc2 (24... Rc4 $5 {
[%cal Rc4e4]} 25. Nc3 Rb8 $15) 25. Rd7 {The position is equal.} Nf6 26. Nxf6
Kxf6 27. b4 Rac8 28. Rxa7 Rc1+ 29. Rxc1 Rxc1+ 30. Kh2 Rb1 31. Rxa6 {An
uneventful encounter.  Weighted Error Value: White=0.06/Black=0.07} 1/2-1/2

[Event "FIDE Chesscom Grand Swiss 2021"]
[Site "Riga"]
[Date "2021.11.04"]
[Round "8.45"]
[White "Cheparinov, Ivan"]
[Black "Goryachkina, Aleksandra"]
[Result "1-0"]
[WhiteElo "2659"]
[BlackElo "2602"]
[Annotator "TA"]
[PlyCount "135"]
[EventDate "2021.10.27"]
[EventType "swiss"]
[EventCountry "LAT"]
[Tiebreak "Cut1 Buchholz+Sonneborn-Berger (Swiss)"]
[SourceTitle "playchess.com"]
[Source "ChessBase"]
[SourceQuality "1"]

{[%evp 16,135,20,9,15,10,20,0,0,0,0,0,0,0,19,24,16,14,181,179,172,178,165,162,
206,114,125,104,95,72,77,81,66,14,25,0,202,143,198,207,199,188,196,182,212,137,
159,137,139,139,262,161,250,139,159,147,194,194,194,133,144,12,19,10,10,10,27,
10,59,14,14,14,17,17,17,16,37,14,66,66,135,86,976,1000,787,886,722,775,1311,
1360,1306,994,2397,2206,2355,1541,1451,1434,936,906,1815,1339,2393,2312,2730,
7797,29973,29974,29982,29983,29984,29985,29985,29986,29986,29987,29988,29986,
29986,29985,29987,29988]} 1. d4 d5 2. c4 c6 3. Nf3 Nf6 4. Nc3 dxc4 5. a4 e6 6.
e3 c5 7. Bxc4 cxd4 {seems to push 7...Nc6 aside.} 8. exd4 Nc6 9. O-O Be7 {
D16: Slav Defence: 5 a4: Lines with 5...Bg4 and 5...Na6.} 10. Qe2 O-O 11. Be3
b6 {The position is equal. has lost popularity (11...Nb4).} 12. Rad1 Nb4 13.
Ne5 Bb7 14. f4 {[#]} Ne4 $146 ({Predecessor:} 14... Bd5 15. Nxd5 exd5 16. Bb3
Ne4 17. Qh5 Rc8 18. Rc1 Bf6 19. Qh3 Rxc1 20. Rxc1 Bxe5 21. fxe5 {1/2-1/2 (71)
Ponomariov,R (2744)-Shirov,A (2722) Wijk aan Zee 2011}) 15. f5 exf5 16. Qh5 (
16. Rxf5 Nd6 $15) 16... Nd5 $2 (16... Bd5 $11) 17. Nxe4 $1 $18 g6 (17... Nxe3
$2 18. Ng5 $1 $18 {[%mdl 512]}) 18. Qh6 fxe4 {[#]} 19. Nxf7 $1 {[%mdl 512]} Qd7
{[#]} (19... Qc8 20. Rc1) 20. Ng5 (20. Ne5 $6 Qe6 $16) (20. Rf2 $1 $18 {
aiming for Rdf1.} Rac8 {[#]} (20... Bf6 21. Rxf6) 21. b3 $1 (21. Ne5 Qxa4 22.
Rc1 Rxf2 $11) 21... Rxc4 22. Ne5 {[%mdl 64] Double Attack} Rxf2 23. Nxd7 (23.
Bxf2 Qf5 $16) 23... Nxe3 24. Qxe3) 20... Bxg5 $16 21. Bxg5 e3 22. Bxe3 $40 {
[%mdl 128] Threatens to win with Bf4. White is out for blood.} Qxa4 23. b3 Qd7
24. Qh4 ({White should play} 24. b4 $1 $14) 24... b5 $11 {[#]} 25. Bh6 $1 bxc4
$2 (25... Rxf1+ $11 {and Black stays safe.} 26. Bxf1 Re8) 26. Bxf8 {Strongly
threatening Bh6.} Rxf8 (26... Ne3 $16 27. Bh6 Nxf1 28. Rxf1 Qd5) 27. Rxf8+ $18
({Much less strong is} 27. bxc4 $6 Rxf1+ 28. Rxf1 Ba6 $14) 27... Kxf8 28. bxc4
{Hoping for Re1.} Ne7 29. d5 {[%mdl 1024] White has strong compensation.} ({
But not} 29. Qxh7 $6 Bxg2 30. Qh4 Bh3 $16) 29... Nf5 30. Qf6+ Kg8 31. Re1 {
g4 is the strong threat.} Qc8 32. Kh1 Qf8 (32... a5 $16 {might work better.}
33. g4 Ne3) 33. Qe5 h5 (33... Bc8 {was necessary.} 34. Qc7 Nd6) 34. Qc7 (34. c5
$18) 34... Qf7 $16 35. Qb8+ Kg7 36. Qxa7 h4 37. Rb1 (37. h3 $18) 37... Bc8 38.
Qb8 ({Better is} 38. Ra1 $16) 38... Qe8 $1 $11 39. Qc7+ Kh6 $1 40. Qf4+ g5 $1 {
[%cal Rg5f4]} 41. Qf3 {Threatening c5.} g4 42. Qc3 h3 43. Re1 hxg2+ 44. Kxg2
Qf8 45. Kh1 {And now c5 would win.} Kg6 46. Qe5 {Black must now prevent Qf4.}
Bd7 (46... Qc5 $1 $11) 47. Qf4 $14 Kh5 {White now steadily converts the win.}
48. Re4 Qg8 {[%mdl 8192]} (48... Qg7 $16) 49. h3 $1 $18 {[%cal Rh3g4]} Qh8 50.
hxg4+ Kg6+ 51. Kg2 Qb2+ 52. Qf2 Qxf2+ 53. Kxf2 Nh6 54. Kg3 Kg5 55. Re5+ Kf6 56.
Rh5 Nxg4 57. Kf4 Nf2 58. Ke3 Ng4+ 59. Kd4 Ke7 60. Rh7+ (60. c5 $142 Nf6 61.
Re5+ Kd8 62. c6) 60... Kd8 61. c5 {[%cal Bc4c5,Bc5c6][%mdl 32] White mates.}
Nf6 62. Rf7 Ne8 63. c6 Bg4 64. Kc5 Bh3 65. d6 Be6 66. Ra7 Nf6 67. Ra8+ Bc8 68.
Kd4 {Weighted Error Value: White=0.25/Black=0.36} 1-0

[Event "FIDE Chesscom Grand Swiss 2021"]
[Site "Riga"]
[Date "2021.11.04"]
[Round "8.46"]
[White "Rakhmanov, Aleksandr"]
[Black "Georgiev, Kiril"]
[Result "1-0"]
[WhiteElo "2657"]
[BlackElo "2577"]
[Annotator "TA"]
[PlyCount "105"]
[EventDate "2021.10.27"]
[EventType "swiss"]
[EventCountry "LAT"]
[Tiebreak "Cut1 Buchholz+Sonneborn-Berger (Swiss)"]
[SourceTitle "playchess.com"]
[Source "ChessBase"]
[SourceQuality "1"]

{[%evp 26,105,33,24,25,33,37,20,27,25,29,30,21,32,34,0,10,0,32,12,21,12,24,0,0,
0,39,0,31,19,59,60,60,0,8,0,59,71,125,127,101,88,100,85,107,106,114,112,132,0,
121,111,121,121,118,116,117,104,98,77,90,91,121,118,219,216,207,220,626,626,
626,626,626,626,605,570,570,572,755,756,757,730]} 1. c4 Nf6 2. Nc3 c5 3. Nf3
Nc6 4. g3 d5 5. d4 e6 6. cxd5 exd5 7. Bg2 Be7 8. O-O O-O 9. Bg5 cxd4 10. Nxd4
h6 11. Be3 Re8 12. Rc1 Bf8 13. Nxc6 bxc6 14. Bd4 Nd7 {D34: Tarrasch Defence: 6
g3 Nf6 7 Bg2 Be7.} 15. Na4 Ba6 16. Re1 Bb5 {[#] The position is equal.} 17. Nc3
$146 ({Predecessor:} 17. Nc5 Bxc5 18. Bxc5 Qa5 19. Bd4 Qxa2 20. Ra1 Qc4 21. b3
Qb4 22. Rxa7 Rxa7 23. Bxa7 {0-1 (42) Maslik,M (2273)-Ljubicic,F (2396) Pula
2007}) 17... Bc4 18. b3 Ba6 19. Na4 Bb5 20. Nc3 Ba6 21. Na4 Bb5 22. Ba1 Rc8 23.
Bh3 Rb8 24. Bf5 Bxa4 25. bxa4 Nc5 26. Bb1 Qa5 27. e3 Re6 28. Bf5 Ree8 29. Bb1 (
{Better is} 29. Re2 $14) 29... Re6 $11 30. Bf5 (30. Kg2 $11) 30... Ree8 $14 31.
Re2 Nxa4 (31... Rb7 $142) 32. Rxc6 $16 Rb6 33. Rxb6 Nxb6 34. Bb1 Qb4 35. Rb2
Qc4 36. Rc2 Qb5 37. Rb2 Qc4 38. Bd3 Qc5 39. Rc2 Qa3 40. Bd4 Rc8 41. Rxc8 Nxc8
42. Bb1 {[#] aiming for Qc2.} Nb6 43. h4 h5 44. Kg2 Qb4 (44... g6 $16 {might
work better.}) 45. a3 $1 $40 {[%cal Ra3b4,Ba2a3,Ba3a4][%mdl 160] White has
strong attack.} Qb5 {[#]} 46. Bd3 {[%cal Rd3b5]} Nc4 $2 (46... Qc6 47. Qxh5 Qh6
) 47. a4 {White is clearly winning.} Qa6 48. Qf3 Qh6 49. Qxd5 Nb6 50. Qb5 Nc8
51. a5 Ne7 52. Bxa7 Qd6 53. Be4 {Weighted Error Value: White=0.14/Black=0.24}
1-0

[Event "FIDE Chesscom Grand Swiss 2021"]
[Site "Riga"]
[Date "2021.11.04"]
[Round "8.47"]
[White "Gretarsson, Hjorvar Steinn"]
[Black "Paravyan, David"]
[Result "1/2-1/2"]
[WhiteElo "2577"]
[BlackElo "2642"]
[Annotator "TA"]
[PlyCount "207"]
[EventDate "2021.10.27"]
[EventType "swiss"]
[EventCountry "LAT"]
[Tiebreak "Cut1 Buchholz+Sonneborn-Berger (Swiss)"]
[SourceTitle "playchess.com"]
[Source "ChessBase"]
[SourceQuality "1"]

{[%evp 22,207,0,4,4,6,16,0,0,0,0,0,2,-16,-12,-9,-11,-37,-8,-18,0,0,0,-10,-8,
-10,-10,-10,-10,-10,52,52,112,97,101,87,87,77,103,72,80,81,172,167,215,198,232,
240,281,75,75,75,76,98,134,134,101,113,203,200,296,307,282,282,448,448,448,443,
408,387,243,8,8,8,8,8,8,0,8,8,8,0,0,0,0,0,0,0,0,0,0,0,0,0,0,0,0,0,0,0,8,8,8,8,
8,8,8,8,8,8,8,8,8,8,8,8,8,8,8,0,8,0,0,0,8,8,8,0,0,0,0,0,0,0,0,0,0,0,0,0,8,0,8,
8,8,8,8,8,8,8,8,8,8,0,0,0,8,0,8,0,0,0,0,0,0,0,0,0,0,0,0,0,0,0,0,0,0,0,0,0,0,0,
0,0,0,0,0,0]} 1. d4 Nf6 2. c4 g6 3. Nc3 d5 4. cxd5 Nxd5 5. e4 Nxc3 6. bxc3 Bg7
7. Be3 c5 8. Nf3 Nc6 9. Qd2 cxd4 10. cxd4 Bg4 {10...Bg4 scores better than 10..
.0-0.} 11. Rd1 O-O 12. Be2 Qa5 {D85: Exchange Grünfeld: Unusual White 7th
moves and lines with 7 Nf3.} 13. O-O Rac8 14. h3 Bxf3 15. Bxf3 Qxd2 16. Rxd2
Na5 {[#]} 17. Be2 $146 ({Predecessor:} 17. Rd3 Rfd8 18. d5 b6 19. Rc1 Rxc1+ 20.
Bxc1 Be5 21. Bg5 Kf8 22. Bh6+ Ke8 23. Bg4 {1/2-1/2 (59) Melkumyan,H (2650)
-Paravyan,D (2602) Douglas 2019}) 17... Nc4 18. Bxc4 Rxc4 19. Rfd1 Rfc8 20. f4
Rc3 21. Kf2 Ra3 22. d5 Bc3 23. Rd3 Rxa2+ 24. Kf3 {Hoping for Rc1.} Bb4 25. e5
Rd8 (25... b6 $11) 26. Rb1 $14 a5 (26... Ra4 $14) 27. Bb6 $1 $16 {[%cal Rb6d8]}
Rd7 {[#]} 28. Rc1 $1 Ra3 29. Rxa3 Bxa3 {[%mdl 4096] Endgame KRB-KRB} 30. Rc8+
Kg7 31. Ke4 Bb2 {[#]} (31... a4 $16) 32. Rc2 $1 $18 {[%cal Rc2b2]} (32. Bxa5 $6
f5+ 33. exf6+ Bxf6 $14) 32... Ba3 33. g4 (33. Bxa5 b5) 33... f5+ 34. gxf5 gxf5+
35. Kd4 $2 (35. Kxf5 $18 Rxd5 36. Ke6) 35... e6 $16 36. d6 Bxd6 37. Rg2+ ({
Don't go for} 37. exd6 $2 Rxd6+ 38. Ke5 Rxb6 $19) 37... Kh6 {And now ...Bc7+
would win.} 38. exd6 Rxd6+ {KRB-KR} 39. Kc5 Rd7 (39... Rd3 $16) 40. Re2 $18 Rd3
(40... Kh5 {is a better defense.} 41. Rxe6 (41. Bxa5 Rd5+ 42. Kb6 Rd3 $16)
41... a4) 41. Rxe6+ Kh5 42. Re7 ({Don't play} 42. Bxa5 $6 Rxh3 43. Kd4 Kg4 $18)
42... h6 (42... Rf3 $142 43. Bxa5 h6 44. Rxb7 Rxf4) 43. Bxa5 Rxh3 44. Rg7 Rd3
45. Kc4 Rd6 46. Rxb7 $2 (46. Bc7 $18 Rg6 47. Rxg6 Kxg6 48. Bd6) 46... Kg4 $11 {
The position is equal.} 47. Rg7+ Kf3 48. Bc7 Rd2 49. Kc3 Rd1 50. Be5 h5 51. Rg5
h4 52. Rxf5 {aiming for Rh5.} h3 53. Rh5 Kg3 54. Rg5+ Kf3 55. Rh5 Kg3 56. Rh7 {
Threatens to win with f5+.} (56. Kc2 {looks sharper.} Rd5 57. Rg5+ Kf3 58. Rg7
h2 59. Rh7) 56... h2 57. f5+ Kg4 58. Rxh2 Kxf5 59. Bd4 Ke4 60. Re2+ Kd5 61.
Re5+ Kd6 62. Rh5 Rc1+ 63. Kd3 Rd1+ (63... Ke6 {seems wilder.} 64. Ke3 Re1+ 65.
Kf4 Kd6 66. Ra5 Rf1+) 64. Ke4 Re1+ 65. Be3 Ke6 66. Rh6+ Ke7 67. Ra6 (67. Kf4 {
is interesting.} Kd7 68. Rg6 Ke7 69. Ra6 Kd7 70. Rh6) 67... Re2 68. Kd4 Kf7 69.
Bf4 Re6 70. Ra1 Re2 71. Kd5 Kf6 72. Rf1 Kf5 (72... Ra2 {seems wilder.} 73. Kc4
Kg6 74. Kd3 Ra3+ 75. Kc4 Ra4+) 73. Be3+ Kg6 74. Rf3 Ra2 75. Bd4 Kg5 76. Ke4 Ra4
77. Rg3+ Kh4 78. Rg8 Rb4 79. Ke5 Kh3 80. Be3 Rg4 (80... Ra4 {is interesting.}
81. Kd6 Ra6+ 82. Kc7 Ra5 83. Rg1 Ra6) 81. Ra8 Kg2 82. Bf4 Rg7 83. Ke4 Re7+ 84.
Be5 Kf2 85. Ra2+ Ke1 86. Rb2 Re8 87. Kd4 Kf1 88. Bf4 Re2 (88... Kg1 {keeps
more tension.} 89. Be3+ Kf1 90. Bf4) 89. Bd2 Kg2 90. Kd3 Kf3 91. Rb4 {White
threatens Rf4+ and mate.} Re6 92. Rf4+ (92. Bc1 {seems wilder.} Rd6+ 93. Kc2
Rd8 94. Ba3 Rc8+ 95. Kb1) 92... Kg3 93. Be3 Ra6 94. Rf7 Kg4 95. Kd4 Ra4+ 96.
Ke5 Ra5+ 97. Ke4 Ra4+ 98. Bd4 Rb4 99. Ra7 (99. Ke5 {feels hotter.} Rb1 100. Ke4
Re1+ 101. Be3 Rb1 102. Rh7) 99... Kg5 100. Rc7 Kg4 101. Rc1 Ra4 102. Ke5 Ra5+
103. Bc5 Ra4 104. Bd4 {Black defended with fortune.  Weighted Error Value:
White=0.18/Black=0.16} 1/2-1/2

[Event "FIDE Chesscom Grand Swiss 2021"]
[Site "Riga"]
[Date "2021.11.04"]
[Round "8.48"]
[White "Miezis, Normunds"]
[Black "Kovalev, Vladislav"]
[Result "0-1"]
[WhiteElo "2467"]
[BlackElo "2634"]
[Annotator "TA"]
[PlyCount "114"]
[EventDate "2021.10.27"]
[EventType "swiss"]
[EventCountry "LAT"]
[Tiebreak "Cut1 Buchholz+Sonneborn-Berger (Swiss)"]
[SourceTitle "playchess.com"]
[Source "ChessBase"]
[SourceQuality "1"]

{[%evp 17,114,0,8,11,39,-8,3,-26,13,2,7,-17,-12,-6,11,0,0,-13,58,56,57,50,52,
52,56,67,117,43,110,58,45,62,136,129,115,0,0,0,0,0,0,0,0,0,0,0,0,0,0,0,0,0,0,
-1,0,0,0,-16,-20,-23,-8,-8,-8,-8,0,-5,-6,-310,-312,-423,-333,-295,-234,-233,-8,
-551,-225,-592,-582,-6605,-5222,-29972,-29973,-29973,-29974,-29973,-29975,
-29975,-29976,-29976,-29976,-29976,-29977,-29987,-29988,-29988,-29989,-29989,
-29990]} 1. c4 g6 2. Nc3 Bg7 3. g3 e5 4. Bg2 d6 5. e4 Nc6 6. Nge2 f5 7. d3 Nge7
8. O-O O-O 9. f4 Be6 10. Nd5 {A26: English Opening vs King's Indian with ...
Nc6 and d3.} Rb8 $5 {[%mdl 4] [#] A promising side line.} 11. a4 $146 ({
Predecessor:} 11. Be3 a6 12. Rb1 b5 13. b3 Qd7 14. Qd2 fxe4 15. dxe4 bxc4 16.
bxc4 Bg4 17. Nec3 Kh8 18. Nxe7 Qxe7 {1-0 (52) Hundack,R (2196)-Hampel,F (2091)
Germany 2013}) 11... a5 12. Nec3 {The position is equal.} h6 13. Be3 exf4 14.
gxf4 Nb4 15. Qd2 Qd7 16. Rae1 Rbe8 17. b3 c6 (17... Nexd5 $11 18. Nxd5 Bxd5 19.
exd5 Re7) 18. Nxb4 $1 $14 axb4 19. Ne2 c5 20. e5 $1 Rd8 21. d4 cxd4 22. Qxd4 (
22. Nxd4 $16 dxe5 23. fxe5) 22... dxe5 (22... Nc8 $1 $14) 23. Qxd7 ({White
should try} 23. fxe5 $16 Bf7 24. Bf2) 23... Rxd7 24. fxe5 g5 (24... Bxe5 $14
25. Bxh6 Re8) 25. Nd4 $16 Kf7 26. Bh3 ({White should play} 26. Nxe6 $16 Kxe6
27. Bc5) 26... Rfd8 $11 27. Nxf5 Bxf5 28. e6+ Kg6 $1 29. Bxf5+ (29. exd7 $2 {
loses.} Bxh3 30. Rf3 Bg4 $19) 29... Nxf5 30. exd7 {Strongly threatening Bc5.}
Nxe3 31. Rxe3 {[%mdl 4096] Endgame KRR-KRB} Bd4 32. Kf2 Rxd7 33. Ke2 Bxe3 34.
Kxe3 {KR-KR} h5 35. Rf8 h4 36. Rg8+ Kf5 37. h3 (37. a5 {looks sharper.} g4 38.
Rf8+ Kg5 39. Rg8+ Kf5) 37... Rd1 {Hoping for ...Rh1.} 38. Rf8+ $1 Ke6 {
Threatens to win with ...Rb1.} 39. Re8+ Kd7 40. Rg8 Rb1 41. Kd4 ({Much worse is
} 41. Rg7+ Kc6 $15) 41... Rxb3 42. Rg7+ $2 {[%mdl 8192] [#]} (42. Rxg5 $11 Rxh3
43. Rg7+ Kc8 44. Rg8+ Kc7 45. Kc5) 42... Kc8 $1 $19 43. Rg8+ Kc7 44. Rg7+ {[#]}
Kb8 $1 45. Kc5 {intending Kb6.} Ka7 (45... Rxh3 $19 {White must now prevent ...
b3.} 46. Rxg5 b3) 46. a5 $2 {[%mdl 8192]} (46. Kb5 $1 $11 {and White stays
safe.}) 46... Rxh3 {...b3 is the strong threat.} 47. Kxb4 (47. Rxg5 {was the
crucial defense.} Rg3 48. Rf5) 47... Rg3 48. Kb5 h3 49. a6 Rb3+ {Black mates.}
50. Kc5 Rb1 51. Rh7 g4 52. axb7 Rxb7 53. Rh4 Rg7 54. Kd6 g3 55. c5 g2 56. Ra4+
Kb8 57. Rb4+ Kc8 {Weighted Error Value: White=0.56/Black=0.16} 0-1

[Event "FIDE Chesscom Grand Swiss 2021"]
[Site "Riga"]
[Date "2021.11.04"]
[Round "8.49"]
[White "Martirosyan, Haik M."]
[Black "Neiksans, Arturs"]
[Result "1/2-1/2"]
[WhiteElo "2624"]
[BlackElo "2570"]
[Annotator "TA"]
[PlyCount "80"]
[EventDate "2021.10.27"]
[EventType "swiss"]
[EventCountry "LAT"]
[Tiebreak "Cut1 Buchholz+Sonneborn-Berger (Swiss)"]
[SourceTitle "playchess.com"]
[Source "ChessBase"]
[SourceQuality "1"]

{[%evp 23,80,20,20,0,11,0,18,0,7,5,1,-19,-12,-29,-32,-18,0,0,0,-27,-19,-29,-15,
-41,-35,-24,0,0,0,0,0,-7,0,0,0,0,0,0,0,0,0,0,0,0,0,0,0,0,0,0,0,0,0,0,0,0,0,0,0]
} 1. d4 Nf6 2. c4 e6 3. Nf3 b6 4. g3 Bb7 5. Bg2 Be7 6. O-O O-O 7. Nc3 Ne4 8.
Bd2 Bf6 9. Rc1 d6 10. Ne1 Nxc3 11. Bxc3 Bxg2 12. Nxg2 c5 {[#]} 13. Ne3 $146 {
E18: Queen's Indian: Old Main Line (4 g3 Bb7 5 Bg2 Be7 6 0-0 0-0 7 Nc3).} ({
Predecessor:} 13. d5 Bxc3 14. Rxc3 e5 15. e4 Qe8 16. g4 Qe7 17. h4 Nd7 18. Qd2
g6 19. Qh6 Nf6 20. f3 Kh8 {1-0 (39) Theodorou,N (2569)-Rozman,L (2353)
Charlotte 2021}) 13... Qe7 14. d5 Nd7 15. dxe6 fxe6 16. Ng4 Rad8 17. Qd2 Bxc3
18. Rxc3 h5 19. Ne3 Nf6 {And now ...Ne4 would win.} 20. Rd3 Qf7 21. f3 d5 22.
cxd5 exd5 23. Nf5 d4 24. Qg5 Kh7 25. e4 {The position is equal.} dxe3 26. Rxe3
Qg6 27. h4 (27. Qxg6+ {feels hotter.} Kxg6 28. Ne7+ Kh7 29. Rf2 Rd1+ 30. Kg2)
27... Qxg5 (27... Rd2 {seems wilder.} 28. Rb1 Nd7 29. g4 Qxg5 30. hxg5 Kg6) 28.
hxg5 Nd5 29. Re5 Rxf5 {[%mdl 64] [#] Remove Defender, Decoy} 30. Rxf5 $11 {
[%mdl 4096] Endgame Strongly threatening Rd1. KRR-KRN} Ne3 {[%csl LRf1,LRf5]
[%mdl 64] Double Attack} 31. Rf7 Nxf1 32. Kxf1 {KR-KR} Rd2 33. Rxa7 Rxb2 34. a4
Kg6 (34... c4 {with more complications.} 35. Rc7 Rb4 36. Rc6 Rxa4 37. Rxb6 Ra5)
35. a5 bxa5 36. Rxa5 Rc2 37. Ra7 c4 38. Ra5 c3 {[#] ...Rh2 is the strong
threat.} 39. Rc5 Rd2 {aiming for ...c2.} 40. Rxc3 Kxg5 {Weighted Error Value:
White=0.04/Black=0.02} 1/2-1/2